000 00955nam a2200289Ia 4500
003 OSt
005 20220918171141.0
006 a|||||r|||| 00| 0
007 ta
008 220917b |||||||| |||| 00| 0 eng d
020 _a9781403946409 (pbk)
_c2233.73
024 _a286,627
037 _b683, 01/12/2015, Selectbook Service Syndicate
_cTextual
040 _aARTS
_cARTS
_beng
041 _2eng
_aeng
082 _aT:3(P), Q5
100 _aGollin - Kies Sandra
_934509
245 0 _aLanguage for specific purpose
260 _aNew York
_bPalgrave Macmillan U.S.A
_c2015
300 _axvi, 276p.
_ccm.
490 _aResearch and practice in applied linguistics
650 _aEDUCATION
700 _a Hall David R.
_934510
700 _a Moore Stephen H.
_934511
942 _hT:3(P), Q5
_cTEXL
_2CC
999 _c138117
_d138117